000 02764cam a2200337 4500500
005 20260329025043.0
041 _afre
042 _adc
100 1 0 _aFrère, Quentin
_eauthor
700 1 0 _aHammadou, Hakim
_eauthor
700 1 0 _aPaty, Sonia
_eauthor
245 0 0 _aThe range of local public services and population size: Is there a “zoo effect” in French jurisdictions?
260 _c2011.
500 _a38
520 _aRésuméCet article est une contribution originale sur la relation entre la gamme des services publics locaux et la taille de la population. Cette étude est menée sur une base de données sur les collectivités locales françaises et teste l’existence d’un effet zoo (Oates, 1988), c’est-à-dire l’idée que la gamme des biens publics locaux offerts augmente avec la taille des collectivités. À l’aide de l’économétrie spatiale, nous montrons l’existence d’un effet zoo dans les groupements intercommunaux français qui ont été créés afin de réaliser des économies d’échelle. En d’autres termes, nous trouvons que la variété des services offerts est proportionnelle à la taille de population du groupement. Nous montrons également que cet effet zoo est plus intense dans les zones urbaines que rurales.Classification JEL : H4, H7.
520 _aThis article contributes to the small literature on the relationship between the range of local public services and population size. Using new data on French local jurisdictions, we test the hypothesis that larger jurisdictions provide a broader range of public goods (the so-called “zoo effect”, Oates (1988)). We take advantage of the fact that, in France, many municipalities recently joined together, forming groups of municipalities (or communities) in order to achieve economies of scale. Using spatial econometrics, we find some evidence for the existence of a zoo effect in French communities. In other terms, larger communities provide a broader range of services than smaller ones. The intensity of the zoo effect is higher in urban than in rural areas.JEL classification: H4, H7
690 _abiens publics locaux
690 _acollectivités locales françaises
690 _aéconométrie spatiale
690 _aeffet zoo
690 _agroupements intercommunaux
690 _ataille de population
690 _acommunities
690 _aFrench jurisdictions
690 _alocal public services
690 _apopulation size
690 _aspatial econometrics
690 _azoo effect
786 0 _nRecherches économiques de Louvain | 77 | 2 | 2011-09-26 | p. 87-104 | 0770-4518
856 4 1 _uhttps://shs.cairn.info/revue-recherches-economiques-de-louvain-2011-2-page-87?lang=fr&redirect-ssocas=7080
999 _c1937399
_d1937399